书目信息 |
| 题名: |
光学工程学
|
|
| 作者: | 饭塚启吾 著 ;杨国光 译 | |
| 分册: | ||
| 出版信息: | 北京 机械工业出版社 1982.7 |
|
| 页数: | 172页 | |
| 开本: | 26cm | |
| 丛书名: | ||
| 单 册: | ||
| 中图分类: | TB133 | |
| 科图分类: | ||
| 主题词: | 工程物理学 | |
| 电子资源: | ||
| ISBN: | ||
| 000 | 00612nam0 2200193 45 | |
| 001 | 0312221749 | |
| 005 | 20060517151346.53 | |
| 010 | @dCNY1.20 | |
| 100 | @a20031222d1982 km y0chiy0120 ea | |
| 101 | @achi | |
| 200 | 1 | @a光学工程学@AGuang Xue Gong Cheng Xue@f(日)饭塚启吾著@F(ri)fan zhong qi wu zhu@g杨国光等译@Gyang guo guang deng yi |
| 210 | @a北京@c机械工业出版社@d1982.7 | |
| 215 | @a172页@d26cm | |
| 606 | 0 | @a工程物理学 |
| 690 | @aTB133@v3 | |
| 701 | 0 | @a饭塚启吾@Afan zhong qi wu@4著 |
| 702 | 0 | @a杨国光@Ayang guo guang@4译 |
| 801 | @aCN@bTSTCL@c20060517 | |
| 905 | @a213230@dTB133@e46@b107654@f1@b107656@f1 | |
| 光学工程学/(日)饭塚启吾著/杨国光等译.-北京:机械工业出版社,1982.7 |
| 172页;26cm |
| ISBN :CNY1.20 |
| ● |
| 相关链接 |
|
|
|
|
正题名:光学工程学
索取号:TB133/46
 
预约/预借
| 序号 | 登录号 | 条形码 | 馆藏地/架位号 | 状态 | 备注 |
| 1 | 0107654 | 000883752 | 密集书库/ [索取号:TB133/46] | 在馆 | |
| 2 | 0107655 | 202348959 | 密集书库/ [索取号:TB133/46] | 在馆 | |
| 3 | 0107656 | 000883743 | 第二样本阅览室/ [索取号:TB133/46] | 在馆 | |
| 4 | 0158724 | 202348995 | 密集书库/ [索取号:TB133/46] | 在馆 | |
| 5 | 0158725 | 202348833 | 密集书库/ [索取号:TB133/46] | 在馆 |